| 000 | 01305nam a2200133Ia 4500 | ||
|---|---|---|---|
| 008 | 220216s9999 xx 000 0 und d | ||
| 100 | _aMukhopadhyay Sujata | ||
| 245 | 0 | _aStudies on rheological behaviour of self-vulcanizable rubber blends based on chlorosulphonated polyethylene and carboxylated nitrile rubber | |
| 260 |
_bJournal of Elastomers and Plastics _c1998 |
||
| 300 | _a340-362 | ||
| 520 | _aThe rheological behaviour of self-vulcanizable rubber blends based on chlorosulphonated polyethylene (hypalon) and carboxylated nitrile ruber (XNBR) has been investigated in terms of effect of blend ratio, carboxyl content of carboxylated nitrile rubber, carbon black filler loading, rate of shear and temperature on viscosity, die swell and power law constants (n and K). The blend system follows the power law model in the experimental range of rate of shear and shows pseudoplastic flow behaviour. XNBR shows higher viscosity than hypalon and in blends an increasing proportion of XNBR increases the blend viscosity at a constant shear stress or rate of shear. XNBR shows maximum die swell and hypalon shows the least. Blends show lower die swell as compared to the single rubbers. Addition of filler reduces die swell and surface roughness of the extrudates. | ||
| 700 | _aGupta B R | ||
| 942 | _cJS | ||
| 999 |
_c69657 _d69657 |
||